[Event "12th Ugra Governor's Cup"]
[Site "Khanty-Mansiysk RUS"]
[Date "2016.11.19"]
[Round "3.4"]
[White "Predke, Alexandr"]
[Black "Kovalev, Vladislav"]
[Result "1/2-1/2"]
[WhiteTitle "GM"]
[BlackTitle "GM"]
[WhiteElo "2579"]
[BlackElo "2603"]
[WhiteFideId "24107581"]
[BlackFideId "13504398"]
[EventDate "2016.11.17"]

1. e4 e5 2. Nf3 Nc6 3. Bb5 Nf6 4. O-O Nxe4 5. Re1 Nd6 6. Nxe5 Be7 7. Bf1 Nxe5 8.
Rxe5 O-O 9. d4 Bf6 10. Bd3 Bxe5 11. dxe5 Ne8 12. Nc3 d6 13. Qh5 g6 14. Qh6 Be6
15. Bg5 Qd7 16. Ne4 f5 17. exf6 Bd5 18. Nc3 c6 19. Nxd5 cxd5 20. Bxg6 hxg6 21.
Qxg6+ Kh8 22. Qh6+ Kg8 23. Qg6+ Kh8 24. Qh6+ Kg8 25. Qg6+ 1/2-1/2

[Event "12th Ugra Governor's Cup"]
[Site "Khanty-Mansiysk RUS"]
[Date "2016.11.19"]
[Round "3.5"]
[White "Kokarev, Dmitry"]
[Black "Rozum, Ivan"]
[Result "1/2-1/2"]
[WhiteTitle "GM"]
[BlackTitle "GM"]
[WhiteElo "2634"]
[BlackElo "2582"]
[WhiteFideId "4132181"]
[BlackFideId "24104272"]
[EventDate "2016.11.17"]

1. e4 c6 2. d4 d5 3. Nc3 dxe4 4. Nxe4 Bf5 5. Ng3 Bg6 6. h4 h6 7. Nf3 Nd7 8. h5
Bh7 9. Bd3 Bxd3 10. Qxd3 e6 11. Bd2 Ngf6 12. O-O-O Be7 13. Ne4 Nxe4 14. Qxe4 Nf6
15. Qe2 Qd5 16. c4 Qe4 17. Qxe4 Nxe4 18. Be1 Bf6 19. Ne5 c5 20. f3 cxd4 21. Rxd4
Bxe5 22. Rxe4 Bf6 23. Bf2 Rd8 24. Kc2 a6 25. a4 Rd7 26. b4 Ke7 27. Rd1 Rxd1 28.
Kxd1 e5 29. Kc2 Ke6 30. Bd4 g6 31. hxg6 fxg6 32. Bg1 h5 33. b5 h4 34. Kd3 h3 35.
gxh3 Rxh3 36. Ke2 Rh1 37. Kf1 Rh3 38. Kg2 Rh8 39. Bb6 Rc8 40. Rg4 Kf5 41. c5
axb5 42. axb5 Be7 43. Ra4 1/2-1/2

[Event "12th Ugra Governor's Cup"]
[Site "Khanty-Mansiysk RUS"]
[Date "2016.11.19"]
[Round "3.6"]
[White "Ovetchkin, Roman"]
[Black "Ponkratov, Pavel"]
[Result "0-1"]
[WhiteTitle "GM"]
[BlackTitle "GM"]
[WhiteElo "2523"]
[BlackElo "2596"]
[WhiteFideId "4119991"]
[BlackFideId "4157800"]
[EventDate "2016.11.17"]

1. e4 c5 2. Nf3 e6 3. d4 cxd4 4. Nxd4 Nf6 5. Nc3 d6 6. g4 a6 7. g5 Nfd7 8. h4 b5
9. a3 Nb6 10. Be3 N8d7 11. Qg4 Qc7 12. O-O-O Ne5 13. Qg3 Nec4 14. Bxc4 Nxc4 15.
Rhe1 Bd7 16. Rd3 Qb7 17. Nb3 a5 18. Bd4 b4 19. axb4 Qxb4 20. Bc5 Qb8 21. Ba3
Nxa3 22. bxa3 Be7 23. Nd5 exd5 24. exd5 Ra7 25. Rde3 Ba4 26. Nc5 Bb5 27. Qf4 O-O
28. Rxe7 Rxe7 29. Rxe7 dxc5 30. d6 Qc8 31. a4 Bc6 32. h5 Qh3 33. h6 Qa3+ 34. Kd1
Qxa4 35. Qe5 Qd4+ 36. Qxd4 cxd4 37. Rc7 Bf3+ 38. Kd2 gxh6 39. gxh6 Rd8 40. Kd3
Kf8 41. Kxd4 0-1

[Event "12th Ugra Governor's Cup"]
[Site "Khanty-Mansiysk RUS"]
[Date "2016.11.19"]
[Round "3.7"]
[White "Bocharov, Dmitry"]
[Black "Lintchevski, Daniil"]
[Result "1/2-1/2"]
[WhiteTitle "GM"]
[BlackTitle "GM"]
[WhiteElo "2593"]
[BlackElo "2517"]
[WhiteFideId "4138716"]
[BlackFideId "4171055"]
[EventDate "2016.11.17"]

1. c4 c6 2. Nf3 d5 3. g3 dxc4 4. Bg2 b5 5. O-O e6 6. d3 cxd3 7. Ne5 Bb7 8. Nxd3
Nf6 9. Nd2 Be7 10. Nb3 Nbd7 11. Bd2 a5 12. Rc1 Nd5 13. a3 a4 14. Nbc5 Nxc5 15.
Nxc5 Bxc5 16. Rxc5 O-O 17. Qc2 f5 18. e4 fxe4 19. Bxe4 h6 20. Re1 Qd6 21. Bb4
Nxb4 22. axb4 Qd4 23. Bxc6 Bxc6 24. Rxc6 Qxb4 25. Re4 Qa5 26. Rcxe6 a3 27. bxa3
Qxa3 28. Re7 Qf3 29. Re1 Rf7 30. Re8+ Rf8 31. R8e7 Rf7 32. R7e3 Qf5 33. Qb2 Qf6
34. Qc2 Qf5 35. Qb2 Qf6 36. Qe2 Raf8 37. Rf1 Qc6 38. Re6 Qb7 39. Re3 Qc6 40. Re6
Qb7 41. Re3 Qc6 42. Re6 1/2-1/2

[Event "12th Ugra Governor's Cup"]
[Site "Khanty-Mansiysk RUS"]
[Date "2016.11.19"]
[Round "3.8"]
[White "Paravyan, David"]
[Black "Drogovoz, Irina"]
[Result "1-0"]
[WhiteTitle "IM"]
[BlackTitle "WIM"]
[WhiteElo "2544"]
[BlackElo "2185"]
[WhiteFideId "4194985"]
[BlackFideId "4176715"]
[EventDate "2016.11.17"]

1. e4 c5 2. Nc3 e6 3. Nf3 d6 4. d4 cxd4 5. Nxd4 Nf6 6. g4 Nc6 7. g5 Nd7 8. Be3
a6 9. h4 Qc7 10. f4 b5 11. Nxc6 Qxc6 12. Qd4 e5 13. Qd2 exf4 14. Bxf4 Ne5 15.
O-O-O Be6 16. Nd5 Rc8 17. Kb1 Be7 18. Bh3 a5 19. Qg2 Rd8 20. g6 Bxd5 21. exd5
Qc4 22. gxf7+ Kf8 23. Rhg1 g6 24. Rgf1 Kg7 25. Bg5 Bxg5 26. Qxg5 Rhf8 27. Qf6+
Kh6 28. Qg5+ Kg7 29. h5 Nxf7 30. h6+ Kg8 31. Qf6 1-0

[Event "12th Ugra Governor's Cup"]
[Site "Khanty-Mansiysk RUS"]
[Date "2016.11.19"]
[Round "3.9"]
[White "Goryachkina, Aleksandra"]
[Black "Yuffa, Daniil"]
[Result "1/2-1/2"]
[WhiteTitle "WGM"]
[BlackTitle "GM"]
[WhiteElo "2452"]
[BlackElo "2532"]
[WhiteFideId "4147103"]
[BlackFideId "24131423"]
[EventDate "2016.11.17"]

1. d4 Nf6 2. c4 c5 3. d5 g6 4. Nc3 Bg7 5. e4 O-O 6. Nf3 d6 7. h3 e6 8. Bd3 exd5
9. exd5 Qe7+ 10. Qe2 Qxe2+ 11. Kxe2 Na6 12. a3 Nc7 13. Bf4 Rd8 14. b4 Nh5 15.
Bd2 b5 16. Rhc1 bxc4 17. Bxc4 Ba6 18. Bxa6 Nxa6 19. Rab1 cxb4 20. axb4 Nc7 21.
Kf1 Rd7 22. Ne4 Nxd5 23. Rc6 Rad8 24. Rd1 Nhf6 25. Nxf6+ Bxf6 26. b5 Rb8 27. Bg5
Bxg5 28. Rxd5 Be7 29. Nd4 Bf6 30. Nc2 Bb2 31. Ne3 Ba3 32. Nc2 Bc1 33. Nb4 Bb2
34. Ra6 Rb6 35. Rxb6 axb6 36. Rd3 Kg7 37. Nd5 Rb7 38. Ke2 Rb8 39. Kd1 g5 40. Kd2
h5 41. Ne3 Be5 42. Nf5+ Kf6 43. Nxd6 Ke6 44. Nc4 Bf4+ 45. Kc3 f5 46. g3 Bc7 47.
Re3+ Kf6 48. Rd3 Rd8 49. Rxd8 Bxd8 50. Kd4 Ke6 51. f3 Bf6+ 52. Kd3 Bd8 53. Kd4 1/2-1/2

[Event "12th Ugra Governor's Cup"]
[Site "Khanty-Mansiysk RUS"]
[Date "2016.11.19"]
[Round "3.10"]
[White "Fedoseev, Vladimir3"]
[Black "Sarana, Alexey"]
[Result "1-0"]
[WhiteTitle "GM"]
[BlackTitle "IM"]
[WhiteElo "2673"]
[BlackElo "2455"]
[WhiteFideId "24130737"]
[BlackFideId "24133795"]
[EventDate "2016.11.17"]

1. d4 Nf6 2. Bg5 d5 3. e3 c5 4. Bxf6 exf6 5. Nf3 Nc6 6. c3 Qb6 7. Qd2 Bf5 8. Be2
Be7 9. dxc5 Bxc5 10. Qxd5 Qxb2 11. Qxf5 Qxa1 12. Qc2 Ba3 13. Nd2 Qb2 14. Qxb2
Bxb2 15. Kd1 Rc8 16. Nc4 Ba1 17. Nd6+ Ke7 18. Nxc8+ Rxc8 19. Kc2 Na5 20. Rd1 a6
21. Rd5 b5 22. a3 g6 23. g4 Nb7 24. Rd1 Na5 25. Bf3 Rc7 26. Bd5 Rc5 27. h4 h6
28. Ba2 Rc7 29. Bd5 Rc5 30. e4 Rc7 31. Rd2 f5 32. f3 Kf6 33. Kd3 Ke5 34. gxf5
gxf5 35. Rf2 f6 36. f4+ Kd6 37. Rg2 fxe4+ 38. Bxe4 Nc4 39. Ra2 Bb2 40. Kc2 Rg7
41. Nd2 Nxd2 42. Kxd2 f5 43. Bd3 Rg2+ 44. Be2 Rxe2+ 45. Kxe2 Bxc3 46. Kd3 Bf6
47. h5 a5 48. Rg2 b4 49. a4 1-0

[Event "12th Ugra Governor's Cup"]
[Site "Khanty-Mansiysk RUS"]
[Date "2016.11.20"]
[Round "4.1"]
[White "Rakhmanov, Aleksandr"]
[Black "Savchenko, Boris"]
[Result "1/2-1/2"]
[WhiteTitle "GM"]
[BlackTitle "GM"]
[WhiteElo "2664"]
[BlackElo "2613"]
[WhiteFideId "4173708"]
[BlackFideId "4147332"]
[EventDate "2016.11.17"]

1. Nf3 c5 2. g3 d5 3. Bg2 Nc6 4. d4 cxd4 5. Nxd4 e5 6. Nxc6 bxc6 7. c4 Be6 8.
Nc3 Nf6 9. Bg5 Bb4 10. O-O Bxc3 11. bxc3 Qa5 12. cxd5 cxd5 13. c4 Rd8 14. cxd5
Bxd5 15. Bxf6 gxf6 16. Bxd5 Rxd5 17. Qc2 O-O 18. Qf5 Qa6 19. Qg4+ Kh8 20. Rfd1
Rxd1+ 21. Rxd1 Qxa2 22. Rd6 Qb1+ 23. Kg2 Qg6 24. Qf3 Kg7 25. Ra6 Rd8 26. Rxa7
Rd4 27. e3 Rb4 28. Qc6 Qe4+ 29. Qxe4 Rxe4 30. Rb7 Rc4 31. Ra7 Re4 32. Rb7 Rc4
33. Ra7 1/2-1/2

[Event "12th Ugra Governor's Cup"]
[Site "Khanty-Mansiysk RUS"]
[Date "2016.11.20"]
[Round "4.2"]
[White "Khismatullin, Denis"]
[Black "Goganov, Aleksey"]
[Result "1-0"]
[WhiteTitle "GM"]
[BlackTitle "GM"]
[WhiteElo "2600"]
[BlackElo "2643"]
[WhiteFideId "4142578"]
[BlackFideId "24109959"]
[EventDate "2016.11.17"]

1. d4 d5 2. c4 c6 3. Nf3 Nf6 4. e3 Bg4 5. h3 Bh5 6. Nc3 e6 7. g4 Bg6 8. Ne5 Nbd7
9. Nxg6 hxg6 10. g5 Ne4 11. Nxe4 dxe4 12. Qg4 Be7 13. Bd2 Bxg5 14. Qxe4 Qc7 15.
O-O-O O-O-O 16. Bg2 Bf6 17. Kb1 g5 18. Qc2 Kb8 19. Qa4 Nb6 20. Qb3 c5 21. Qb5
cxd4 22. c5 Nd5 23. Ba5 Qd7 24. c6 Qxc6 25. Qxc6 bxc6 26. Bxd8 Rxd8 27. Rd3 Kc7
28. Rc1 dxe3 29. fxe3 Rb8 30. b3 Nb4 31. Rd2 a5 32. Rc4 Rb5 33. e4 Be5 34. Bf1
Rb6 35. a3 Na6 36. Ka2 Bf4 37. Rdc2 Be3 38. e5 Kb7 39. Re4 Bf4 40. Bxa6+ Rxa6
41. h4 Rb6 42. a4 Kc8 43. Rg2 Rb4 44. Rxb4 axb4 45. hxg5 Bxe5 46. Kb1 Kd7 47.
Kc2 Kd6 48. Kd3 Kd5 49. a5 Bd4 50. a6 Bb6 51. Rh2 f5 52. gxf6 gxf6 53. Rh7 e5
54. Rd7+ Ke6 55. Rb7 e4+ 56. Kxe4 1-0

[Event "12th Ugra Governor's Cup"]
[Site "Khanty-Mansiysk RUS"]
[Date "2016.11.20"]
[Round "4.3"]
[White "Kovalev, Vladislav"]
[Black "Paravyan, David"]
[Result "0-1"]
[WhiteTitle "GM"]
[BlackTitle "IM"]
[WhiteElo "2603"]
[BlackElo "2544"]
[WhiteFideId "13504398"]
[BlackFideId "4194985"]
[EventDate "2016.11.17"]

1. e4 e5 2. Nf3 Nf6 3. Nxe5 d6 4. Nf3 Nxe4 5. Nc3 Nxc3 6. dxc3 Nc6 7. Bf4 g6 8.
Bb5 Qe7+ 9. Qe2 Qxe2+ 10. Kxe2 Bg7 11. Nd4 a6 12. Bxc6+ bxc6 13. Rhe1 c5 14.
Kd2+ Kd7 15. Nb3 Bb7 16. f3 a5 17. Rad1 Bd5 18. Kc1 Kc6 19. a4 Be6 20. Nd2 Rab8
21. Re3 c4 22. Nb1 Bf6 23. Na3 g5 24. Bg3 h5 25. h3 g4 26. hxg4 hxg4 27. Rf1 Bg5
28. f4 Bf6 29. Rxe6 fxe6 30. Nxc4 Kd7 31. Be1 d5 32. Ne3 Rbg8 33. Kd2 c6 34. b3
e5 35. fxe5 Bxe5 36. Kd3 Ke6 37. c4 d4 38. Nd1 g3 39. Bxa5 Rh2 40. Rg1 Rgh8 41.
Nb2 Rh1 42. Rxh1 Rxh1 43. Ke4 Rg1 44. Kf3 Rf1+ 45. Kg4 Rf2 46. Kh3 Rxc2 47. Nd3
Bd6 48. c5 Bb8 49. Nb4 Rxc5 50. Bb6 Rc1 51. Kg4 Bd6 52. Nd3 Rc3 53. Nf4+ Bxf4
54. Kxf4 c5 0-1

[Event "12th Ugra Governor's Cup"]
[Site "Khanty-Mansiysk RUS"]
[Date "2016.11.20"]
[Round "4.4"]
[White "Rozum, Ivan"]
[Black "Predke, Alexandr"]
[Result "1-0"]
[WhiteTitle "GM"]
[BlackTitle "GM"]
[WhiteElo "2582"]
[BlackElo "2579"]
[WhiteFideId "24104272"]
[BlackFideId "24107581"]
[EventDate "2016.11.17"]

1. d4 e6 2. Nf3 f5 3. d5 Nf6 4. dxe6 d6 5. Nd4 g6 6. e3 Bg7 7. c4 O-O 8. Nc3 c6
9. g3 Qe7 10. Bg2 Bxe6 11. b3 Nbd7 12. O-O Nc5 13. Qc2 Bd7 14. Bb2 Rae8 15. Rad1
Nce4 16. Nde2 Bc8 17. h3 h5 18. Nxe4 Nxe4 19. Bxg7 Kxg7 20. Nc3 Nxc3 21. Qxc3+
Qe5 22. Qd4 Qxd4 23. Rxd4 Rf6 24. Rfd1 Ree6 25. h4 Kf7 26. b4 Ke7 27. e4 Kd7 28.
c5 Kc7 29. exf5 dxc5 30. bxc5 Rxf5 31. Bh3 Rxc5 32. Bxe6 Bxe6 33. Re4 Bf5 34.
Re7+ Kb6 35. Rd2 Ka6 36. f3 b5 37. Kf2 Kb6 38. Ke3 a5 39. Kf4 Rc4+ 40. Kg5 b4
41. g4 hxg4 42. h5 gxh5 43. Kxf5 gxf3 44. Re3 a4 45. Rxf3 c5 46. Ke5 Kb5 47. Rf8
Rg4 48. Rb8+ Kc4 49. Rc2+ Kd3 50. Rxc5 h4 51. Rd8+ Ke3 52. Kf5 Rd4 53. Rb8 Kd3
54. Rc1 Kd2 55. Rb1 Kc3 56. Rc8+ Kd2 57. Rcc1 b3 58. axb3 axb3 59. Rc8 Rb4 60.
Rb2+ Kd3 61. Ke5 Re4+ 62. Kf5 Rb4 63. Rc1 h3 64. Ke5 Rb5+ 65. Kf4 h2 66. Kf3
h1=Q+ 67. Rxh1 Kc3 68. Rhb1 Kc4 69. Ke2 Re5+ 70. Kd1 Re3 71. Re2 Rxe2 72. Kxe2
Kc3 73. Rc1+ Kb2 74. Kd2 Ka2 75. Rh1 1-0

[Event "12th Ugra Governor's Cup"]
[Site "Khanty-Mansiysk RUS"]
[Date "2016.11.20"]
[Round "4.5"]
[White "Ponkratov, Pavel"]
[Black "Fedoseev, Vladimir3"]
[Result "1-0"]
[WhiteTitle "GM"]
[BlackTitle "GM"]
[WhiteElo "2596"]
[BlackElo "2673"]
[WhiteFideId "4157800"]
[BlackFideId "24130737"]
[EventDate "2016.11.17"]

1. d4 Nf6 2. c4 e6 3. Nf3 a6 4. e3 d5 5. b3 b6 6. Bd3 Bb7 7. O-O Nbd7 8. Bb2 g6
9. Nbd2 Bg7 10. cxd5 exd5 11. b4 O-O 12. a4 Ne4 13. Qc2 Re8 14. b5 a5 15. Rac1
Rc8 16. Qb3 g5 17. Rfd1 Qf6 18. Be2 Qf5 19. Nxe4 dxe4 20. Nd2 Nf6 21. Rc2 h5 22.
Ba3 Bd5 23. Qb1 Ng4 24. Rf1 h4 25. Qc1 Qd7 26. Nc4 h3 27. g3 Qf5 28. Qd1 Nf6 29.
Qd2 Ba8 30. Rfc1 Rcd8 31. Qd1 Nd5 32. Rd2 Qh7 33. Ne5 Re6 34. Bh5 Rf6 35. Qg4
Rf5 36. Qxh3 Bxe5 37. dxe5 Re8 38. Bb2 g4 39. Bxg4 Rg5 40. Qxh7+ Kxh7 41. Bh3
Kg6 42. Bg2 Nb4 43. Rc4 f5 44. exf6 c5 45. bxc6 Bxc6 46. Rd6 Rc5 47. Rxc6 Rxc6
48. Bxe4+ Rxe4 49. Rxe4 Nd3 50. Rg4+ 1-0

[Event "12th Ugra Governor's Cup"]
[Site "Khanty-Mansiysk RUS"]
[Date "2016.11.20"]
[Round "4.7"]
[White "Volkov, Sergey"]
[Black "Goryachkina, Aleksandra"]
[Result "1/2-1/2"]
[WhiteTitle "GM"]
[BlackTitle "WGM"]
[WhiteElo "2618"]
[BlackElo "2452"]
[WhiteFideId "4122763"]
[BlackFideId "4147103"]
[EventDate "2016.11.17"]

1. Nf3 Nf6 2. c4 e6 3. d4 b6 4. g3 Ba6 5. Qa4 Bb7 6. Bg2 c5 7. O-O cxd4 8. Nxd4
Bxg2 9. Kxg2 Qc8 10. Rd1 Be7 11. Nc3 Qb7+ 12. f3 O-O 13. Bg5 Nc6 14. e4 h6 15.
Bf4 Rfc8 16. e5 Nh5 17. Ne4 a6 18. Rac1 Qc7 19. Nxc6 Nxf4+ 20. gxf4 dxc6 21. Nd6
Rd8 22. c5 bxc5 23. Rxc5 Bxd6 24. Rxc6 Qb7 25. exd6 Qxb2+ 26. Rc2 Qb5 27. Qe4
Rab8 28. a4 Qb7 29. Rd4 a5 30. Qe5 Qb1 31. Rdd2 Rb6 32. Qe4 Rb4 33. Qd3 Qb3 34.
Rc3 Qxa4 35. d7 Rbb8 36. Rc4 Qb5 37. Qc2 Qb7 38. Rc7 Qb4 39. Rc4 Qb7 40. Qa4 Kh7
41. f5 Qb1 42. fxe6 Qg6+ 43. Rg4 Qxe6 44. Qc2+ f5 45. Rgd4 Rb7 46. Qd1 Qg6+ 47.
Kf2 Qb6 48. Kg2 Qg6+ 49. Kh1 f4 50. Qe2 Rb6 51. Rd1 Rb1 52. Rxb1 Qxb1+ 53. Rd1
Qg6 54. Qc4 Qf5 55. Qc7 Qh3 56. Qc2+ Kh8 57. Qe4 Rxd7 58. Qe8+ Kh7 59. Qxd7
Qxf3+ 60. Kg1 Qe3+ 61. Kg2 Qe2+ 62. Kg1 Qe3+ 63. Kf1 Qf3+ 64. Ke1 Qe3+ 65. Kf1
Qf3+ 66. Ke1 Qe3+ 1/2-1/2

[Event "12th Ugra Governor's Cup"]
[Site "Khanty-Mansiysk RUS"]
[Date "2016.11.20"]
[Round "4.8"]
[White "Yuffa, Daniil"]
[Black "Bocharov, Dmitry"]
[Result "1/2-1/2"]
[WhiteTitle "GM"]
[BlackTitle "GM"]
[WhiteElo "2532"]
[BlackElo "2593"]
[WhiteFideId "24131423"]
[BlackFideId "4138716"]
[EventDate "2016.11.17"]

1. d4 Nf6 2. c4 e6 3. Nf3 b6 4. g3 Bb7 5. Bg2 Be7 6. O-O O-O 7. Nc3 Ne4 8. Bd2
d5 9. cxd5 exd5 10. Bf4 Nd7 11. Rc1 c5 12. dxc5 Nxc3 13. Rxc3 bxc5 14. Nd2 Nb6
15. Nb3 Rc8 16. Qc1 Na4 17. Rc2 Qb6 18. Rd1 Rfd8 19. Bd2 Qb5 20. Bh3 Ra8 21. Na5
Ba6 22. b3 Nb6 23. a4 Qe8 24. Bg5 Bxg5 25. Qxg5 c4 26. Qc1 h6 27. e3 Rab8 28.
Bg2 Rbc8 29. Rd4 Qf8 30. bxc4 dxc4 31. Nc6 Rxd4 32. exd4 Qd6 33. Nxa7 Re8 34. h4
Nxa4 35. Ra2 Qb4 36. Kh2 Bb5 37. Nxb5 Qxb5 38. Qa3 Nb6 39. Rb2 Qa4 40. Qxa4 Nxa4
41. Rb4 Nc3 42. Rxc4 Ne4 43. Rc2 Nd6 44. h5 Rd8 45. d5 Kf8 46. g4 Rb8 47. Rc3
Rb4 48. Bf3 Ke7 49. Kg3 Rd4 50. Re3+ Kf6 51. Ra3 Rb4 52. Re3 Rd4 1/2-1/2

[Event "12th Ugra Governor's Cup"]
[Site "Khanty-Mansiysk RUS"]
[Date "2016.11.20"]
[Round "4.10"]
[White "Alekseev, Evgeny"]
[Black "Matinian, Nikita"]
[Result "1-0"]
[WhiteTitle "GM"]
[BlackTitle "IM"]
[WhiteElo "2638"]
[BlackElo "2490"]
[WhiteFideId "4138147"]
[BlackFideId "24129100"]
[EventDate "2016.11.17"]

1. d4 Nf6 2. c4 g6 3. Nc3 Bg7 4. g3 O-O 5. Bg2 d6 6. Nf3 Nc6 7. O-O a6 8. Bf4
Rb8 9. Rc1 b5 10. b3 bxc4 11. bxc4 Bd7 12. d5 Na5 13. c5 Nh5 14. c6 Nxf4 15.
gxf4 Bg4 16. Qa4 Bxf3 17. exf3 Bxc3 18. Rxc3 Rb5 19. Rd1 e6 20. Bf1 Qf6 21. Rcc1
Ra8 22. Bxb5 axb5 23. Qxb5 Qxf4 24. Rc3 Qg5+ 25. Kh1 Qf5 26. Ra3 Kg7 27. Qd3 Qh5
28. Qc3+ e5 29. Kg2 1-0

[Event "12th Ugra Governor's Cup"]
[Site "Khanty-Mansiysk RUS"]
[Date "2016.11.21"]
[Round "5.1"]
[White "Rakhmanov, Aleksandr"]
[Black "Khismatullin, Denis"]
[Result "1/2-1/2"]
[WhiteTitle "GM"]
[BlackTitle "GM"]
[WhiteElo "2664"]
[BlackElo "2600"]
[WhiteFideId "4173708"]
[BlackFideId "4142578"]
[EventDate "2016.11.17"]

1. d4 Nf6 2. c4 e6 3. Nc3 Bb4 4. e3 O-O 5. Bd3 d5 6. Ne2 dxc4 7. Bxc4 c5 8. a3
Bxc3+ 9. bxc3 Qc7 10. Ba2 Nc6 11. O-O Rd8 12. Bb2 b6 13. c4 cxd4 14. exd4 Bb7
15. Rc1 Qd6 16. Re1 Rac8 17. d5 exd5 18. Bxf6 Qxf6 19. cxd5 Ne7 20. Rxc8 Nxc8
21. Ng3 Nd6 22. Qa4 Qb2 23. Bb1 Qc3 24. Bxh7+ Kxh7 25. Qh4+ Kg6 26. Qg4+ Kh7 27.
Qh4+ Kg6 28. Qg4+ Kh7 29. Qh4+ 1/2-1/2

[Event "12th Ugra Governor's Cup"]
[Site "Khanty-Mansiysk RUS"]
[Date "2016.11.21"]
[Round "5.2"]
[White "Savchenko, Boris"]
[Black "Ponkratov, Pavel"]
[Result "1-0"]
[WhiteTitle "GM"]
[BlackTitle "GM"]
[WhiteElo "2613"]
[BlackElo "2596"]
[WhiteFideId "4147332"]
[BlackFideId "4157800"]
[EventDate "2016.11.17"]

1. d4 Nf6 2. Nf3 e6 3. Bf4 c5 4. e3 Qb6 5. Na3 cxd4 6. Nc4 Qb4+ 7. c3 dxc3 8. a3
Qc5 9. Rc1 Qd5 10. Bd3 b5 11. e4 Nxe4 12. Ne3 Qb7 13. O-O Na6 14. b4 Be7 15. Nd4
O-O 16. Nxb5 d5 17. Nxc3 Nxc3 18. Rxc3 d4 19. Qc2 dxc3 20. Bxh7+ Kh8 21. Be4
Nxb4 22. axb4 Qxb4 23. Rb1 Qd4 24. Rd1 Qf6 25. g3 e5 26. Bxe5 Qxe5 27. Rd5 Qxd5
28. Nxd5 Bd8 29. Qxc3 Re8 30. Qc6 Rxe4 31. Qxa8 Rc4 32. Qxa7 Bh3 33. Qe3 Be6 34.
Qd3 Rc8 35. Nf4 Bc4 36. Qd7 Ra8 37. Qe8+ 1-0

[Event "12th Ugra Governor's Cup"]
[Site "Khanty-Mansiysk RUS"]
[Date "2016.11.21"]
[Round "5.3"]
[White "Paravyan, David"]
[Black "Rozum, Ivan"]
[Result "0-1"]
[WhiteTitle "IM"]
[BlackTitle "GM"]
[WhiteElo "2544"]
[BlackElo "2582"]
[WhiteFideId "4194985"]
[BlackFideId "24104272"]
[EventDate "2016.11.17"]

1. c4 Nf6 2. Nc3 c5 3. Nf3 e6 4. g3 b6 5. Bg2 Bb7 6. O-O Be7 7. Re1 Ne4 8. Nxe4
Bxe4 9. d3 Bb7 10. e4 d6 11. d4 cxd4 12. Nxd4 O-O 13. b3 a6 14. Bb2 Nd7 15. e5
Bxg2 16. exd6 Bxd6 17. Kxg2 Qc7 18. Qf3 Be5 19. Rad1 Rac8 20. Ba3 Rfe8 21. Nc6
Bf6 22. Rd6 Bb2 23. Bxb2 Qxd6 24. Rd1 Qxc6 25. Qxc6 Rxc6 26. Rxd7 b5 27. cxb5
axb5 28. Rb7 Rc2 29. Bd4 Rxa2 30. Rxb5 Raa8 31. Be5 Red8 32. Rb6 Rd5 33. Bd6 g5
34. b4 g4 35. Bc5 0-1

[Event "12th Ugra Governor's Cup"]
[Site "Khanty-Mansiysk RUS"]
[Date "2016.11.21"]
[Round "5.4"]
[White "Goganov, Aleksey"]
[Black "Alekseev, Evgeny"]
[Result "1/2-1/2"]
[WhiteTitle "GM"]
[BlackTitle "GM"]
[WhiteElo "2643"]
[BlackElo "2638"]
[WhiteFideId "24109959"]
[BlackFideId "4138147"]
[EventDate "2016.11.17"]

1. d4 d5 2. c4 e6 3. Nf3 Nf6 4. Nc3 Bb4 5. Bg5 Nbd7 6. e3 c5 7. cxd5 exd5 8.
dxc5 Qa5 9. Rc1 Bxc3+ 10. bxc3 O-O 11. Nd4 Re8 12. Be2 Ne4 13. Bf4 Qxc5 14. O-O
Nb6 15. Bd3 Nc4 16. f3 Ned6 17. Qc2 h6 18. Qf2 Ne5 19. Bc2 Ndc4 20. e4 dxe4 21.
Bxe4 Ng6 22. Bg3 Nd6 23. Bxd6 Qxd6 24. Nb5 Qb8 25. Rfd1 Nf4 26. c4 Qe5 27. Nd6
Re7 28. c5 Qg5 29. Kh1 f5 30. Bc2 Re2 31. Qg3 Rxg2 32. Qxg5 hxg5 33. Bb3+ Kh7
34. Nf7 b6 35. c6 Ba6 36. Bc4 b5 37. Bd3 Kg6 38. Ne5+ Kf6 39. Nd7+ Kg6 40. Ne5+
Kf6 41. Nd7+ Kg6 42. Rc5 Rxa2 43. Bxf5+ Kh5 44. Rg1 Kh6 45. Ne5 g6 46. Bg4 Kg7
47. Rd1 Rd8 48. Bd7 b4 49. c7 Rh8 50. h3 Nxh3 51. Bxh3 Rxh3+ 52. Kg1 Rg3+ 53.
Kh1 Rh3+ 1/2-1/2

[Event "12th Ugra Governor's Cup"]
[Site "Khanty-Mansiysk RUS"]
[Date "2016.11.21"]
[Round "5.5"]
[White "Kokarev, Dmitry"]
[Black "Kovalev, Vladislav"]
[Result "1/2-1/2"]
[WhiteTitle "GM"]
[BlackTitle "GM"]
[WhiteElo "2634"]
[BlackElo "2603"]
[WhiteFideId "4132181"]
[BlackFideId "13504398"]
[EventDate "2016.11.17"]

1. e4 e5 2. Nf3 Nc6 3. Bb5 a6 4. Ba4 Nf6 5. O-O Be7 6. Re1 b5 7. Bb3 d6 8. a4 b4
9. d4 O-O 10. dxe5 dxe5 11. Nbd2 Bb7 12. Qe2 Bc5 13. Bc4 Na5 14. Nxe5 Qe7 15.
Nd3 Nxc4 16. Nxc4 Bxe4 17. Bg5 Bxd3 18. Qxe7 Bxe7 19. cxd3 Rfe8 20. Kf1 Kf8 21.
Rac1 Rad8 22. Ne5 c5 23. Nc6 Rc8 24. Nxe7 Rxe7 25. Rc4 Rxe1+ 26. Kxe1 Nd7 27.
Bf4 Ke7 28. Re4+ Kf6 29. Kd2 g5 30. Be3 h6 31. b3 Rc6 32. h4 Rd6 33. Re8 gxh4
34. Ke2 Rd5 35. Ra8 Rd6 36. Rh8 Kf5 37. Bxh6 Ne5 38. Be3 Nxd3 39. Rxh4 a5 40.
Rh8 Nf4+ 41. Bxf4 Kxf4 42. Rc8 Rd5 43. Ra8 Ke4 44. Rxa5 Kd4 45. Kd2 Rf5 46. f3
Rg5 47. g4 f5 48. Ra8 fxg4 49. Rd8+ Ke5 50. fxg4 Rxg4 51. a5 c4 52. bxc4 Rxc4
53. a6 Rc7 54. Ra8 Kd4 55. a7 Kc5 56. Kc2 Kb6+ 57. Kb3 Rxa7 58. Rxa7 Kxa7 59.
Kxb4 1/2-1/2

[Event "12th Ugra Governor's Cup"]
[Site "Khanty-Mansiysk RUS"]
[Date "2016.11.21"]
[Round "5.6"]
[White "Bocharov, Dmitry"]
[Black "Volkov, Sergey"]
[Result "0-1"]
[WhiteTitle "GM"]
[BlackTitle "GM"]
[WhiteElo "2593"]
[BlackElo "2618"]
[WhiteFideId "4138716"]
[BlackFideId "4122763"]
[EventDate "2016.11.17"]

1. c4 c6 2. Nf3 d5 3. g3 Nf6 4. Bg2 dxc4 5. O-O Nbd7 6. Qc2 e5 7. Qxc4 Bd6 8. d3
O-O 9. Nbd2 a5 10. b3 a4 11. bxa4 Nb6 12. Qc2 Re8 13. Rb1 h6 14. Rd1 Bc7 15. Nc4
Nxc4 16. Qxc4 Qd5 17. Nd2 Qxc4 18. Nxc4 Rxa4 19. Ba3 Nd5 20. Rdc1 Rd8 21. Rb3
Ra6 22. Bb2 f6 23. a3 Nb6 24. Nxb6 Bxb6 25. Bc3 Bd4 26. Bd2 Kf7 27. e3 Ba7 28.
Kf1 Bb8 29. Ra1 Bd6 30. Ke2 Ke7 31. Bb4 Bxb4 32. Rxb4 b5 33. f4 Bg4+ 34. Kd2 Bf5
35. Rb3 e4 36. d4 Be6 37. Rb4 f5 38. Kc3 Bc4 39. Rbb1 c5 40. Rd1 Be2 41. Rd2 b4+
42. Kb2 Bb5 43. axb4 Rxa1 44. Kxa1 cxd4 45. exd4 e3 46. Rd1 e2 47. Re1 Rxd4 48.
Bf3 Rxb4 49. Ka2 Bc4+ 50. Ka1 Rb3 0-1